<?xml version="1.0" encoding="UTF-8"?><OAI-PMH xmlns="http://www.openarchives.org/OAI/2.0/" xmlns:xsi="http://www.w3.org/2001/XMLSchema-instance"     xsi:schemaLocation="http://www.openarchives.org/OAI/2.0/ http://www.openarchives.org/OAI/2.0/OAI-PMH.xsd"><responseDate>2026-07-02T06:59:02Z</responseDate><request verb="GetRecord" identifier="oai:regmurcia.com:fintegr.3312" metadataPrefix="marc21">http://oai.regmurcia.com/oai2/oai2.php</request><GetRecord><record><header><identifier>oai:regmurcia.com:fintegr.3312</identifier><datestamp>2026-07-02</datestamp><setSpec>documentos</setSpec></header><metadata><record  xmlns="http://www.loc.gov/MARC21/slim" xmlns:xsi="http://www.w3.org/2001/XMLSchema-instance" xsi:schemaLocation="http://www.loc.gov/MARC21/slim http://www.loc.gov/standards/marcxml/schema/MARC21slim.xsd" type="Bibliographic"><leader>00000nam a2200000   4500</leader><controlfield tag="001" >005194539</controlfield><controlfield tag="003" >3312</controlfield><controlfield tag="004" >A00000000</controlfield><datafield tag="245" ind1=" " ind2=" "><subfield code="a">Sobrecarta de Carlos V y Juana I al concejo de Murcia, ordenando cumplir una provisión anterior sobre el precio de los ganados (1550-03-20. Valladolid).</subfield></datafield><datafield tag="351" ind1=" " ind2=" "><subfield code="a">Unidad Documental Simple</subfield><subfield code="c">Archivo de Murcia. Array</subfield><subfield code="a">Unidad Documental Simple</subfield><subfield code="c">Archivo de Murcia. Array</subfield></datafield><datafield tag="351" ind1=" " ind2=" "><subfield code="b">Nº 30</subfield></datafield><datafield tag="520" ind1=" " ind2=" "><subfield code="a">Con motivo de ciertos problemas que el concejo de Murcia tiene con los abastecedores de carne de ganado de Caravaca, el rey ordena cumplir una provisión dada a ese respecto, en la cual regula el precio del ganado para abastecimiento de las ciudades, para evitar un precio excesivo por parte de los revendedores (1550-03-20. Valladolid).</subfield></datafield><datafield tag="583" ind1=" " ind2=" "><subfield code="u">http://www.regmurcia.com/servlet/s.Sl?METHOD=VERDOCUMENTO&amp;sit=serv,Carmesi&amp;n=/01/172/indice.djvu</subfield></datafield><datafield tag="592" ind1=" " ind2=" "><subfield code="a">1551-11-19</subfield></datafield><datafield tag="592" ind1=" " ind2=" "><subfield code="d">1551-11-19 00:00:00</subfield></datafield><datafield tag="651" ind1=" " ind2=" "><subfield code="a">Madrid</subfield></datafield><datafield tag="786" ind1=" " ind2=" "><subfield code="o">http://www.regmurcia.com/servlet/s.Sl?METHOD=VERDOCUMENTO&amp;sit=serv,Carmesi&amp;n=/01/172/indice.djvu</subfield></datafield><datafield tag="856" ind1=" " ind2=" "><subfield code="u">http://www.regmurcia.com/servlet/s.Sl?METHOD=DETALLE&amp;sit=c,373,m,139,serv,Carmesi&amp;id=3312</subfield></datafield></record></metadata></record></GetRecord></OAI-PMH>
